00416 2200157 4500001002100000005001500021035002000036245007000056100001800126300001200144260004600156082000800202084001400210020002200224990001200246INLIS00000000000260520250605022623 a0010-06250001911 aSuper Modul KSN Astronomi 2 :bAstronomi Jilid 2 /cSofyan Dwi N.0 aSofyan Dwi N. a251 hlm aJakarta :bPT. Jakarta Sains Media,c2022 a520 a520 SOF s a978-623-6111-33-8 a0754849